| 000 | 003300000a22001330004500 | ||
|---|---|---|---|
| 003 | MACL | ||
| 040 | _aMACL | ||
| 090 |
_c9062 _d9061 |
||
| 100 | _aShastri, J L | ||
| 245 |
_aThe Linga_ Purana _bThe Ancient Indian Tradition & Mythology |
||
| 260 |
_bMotilal Banarsidass Publishers _c1990 |
||
| 650 | _aReligion | ||
| 942 |
_cBOOK _k294.59 |
||
| 999 |
_c9007 _d9007 |
||